[Event "European Chess Club Cup 2023"]
[Site "Durres, Albania"]
[Date "2023.10.03"]
[Round "3.49"]
[White "Michalik, Peter"]
[Black "Sarana, Alexey"]
[Result "1/2-1/2"]
[TimeControl "90' + 30' & 30\""]
[WhiteElo "2576"]
[BlackElo "2682"]

1. d4 {[%clk 01:30:02]} {[%emt 00:00:57]} Nf6 {[%clk 01:30:53]} {[%emt
00:00:07]} 2. c4 {[%clk 01:30:15]} {[%emt 00:00:18]} e6 {[%clk 01:31:17]}
{[%emt 00:00:06]} 3. Nf3 {[%clk 01:30:39]} {[%emt 00:00:05]} d5 {[%clk
01:31:39]} {[%emt 00:00:08]} 4. Nc3 {[%clk 01:31:03]} {[%emt 00:00:06]} c6
{[%clk 01:31:56]} {[%emt 00:00:13]} 5. e3 {[%clk 01:31:12]} {[%emt 00:00:21]}
Nbd7 {[%clk 01:32:19]} {[%emt 00:00:07]} 6. Qc2 {[%clk 01:31:25]} {[%emt
00:00:17]} Bd6 {[%clk 01:32:34]} {[%emt 00:00:16]} 7. b3 {[%clk 01:31:40]}
{[%emt 00:00:15]} O-O {[%clk 01:32:54]} {[%emt 00:00:09]} 8. Be2 {[%clk
01:32:05]} {[%emt 00:00:05]} b6 {[%clk 01:32:42]} {[%emt 00:00:43]} 9. O-O
{[%clk 01:32:22]} {[%emt 00:00:12]} Bb7 {[%clk 01:33:07]} {[%emt 00:00:05]} 10.
Bb2 {[%clk 01:32:46]} {[%emt 00:00:06]} Qe7 {[%clk 01:33:19]} {[%emt 00:00:18]}
11. Rad1 {[%clk 01:32:46]} {[%emt 00:00:30]} Rad8 {[%clk 01:33:12]} {[%emt
00:00:37]} 12. e4 {[%emt 00:08:39]} dxe4 {[%clk 01:26:09]} 13. Nxe4 {[%clk
01:32:34]} {[%emt 00:00:06]} Nxe4 {[%clk 01:25:36]} {[%emt 00:01:03]} 14. Qxe4
{[%clk 01:32:57]} {[%emt 00:00:06]} f5 {[%clk 01:25:59]} {[%emt 00:00:07]} 15.
Qh4 {[%clk 01:33:22]} {[%emt 00:00:05]} Qxh4 {[%clk 01:14:19]} {[%emt
00:12:11]} 16. Nxh4 {[%clk 01:33:45]} {[%emt 00:00:06]} c5 {[%clk 01:14:43]}
{[%emt 00:00:06]} 17. Nf3 {[%clk 01:29:58]} {[%emt 00:04:17]} Rfe8 {[%clk
00:55:12]} {[%emt 00:20:02]} 18. dxc5 {[%clk 01:10:40]} {[%emt 00:19:48]} Nxc5
{[%clk 00:54:51]} {[%emt 00:00:51]} 19. Ne5 {[%clk 01:08:29]} {[%emt 00:02:40]}
Ne4 {[%clk 00:53:12]} {[%emt 00:02:09]} 20. Nd3 {[%clk 01:07:18]} {[%emt
00:01:42]} Nc5 {[%clk 00:33:18]} {[%emt 00:20:24]} 21. Ne5 {[%clk 01:04:50]}
{[%emt 00:02:58]} Ne4 {[%clk 00:33:41]} {[%emt 00:00:07]} 22. Nd3 {[%clk
01:05:13]} {[%emt 00:00:07]} Nc5 {[%clk 00:33:50]} {[%emt 00:00:21]} 23. Ne5
{[%emt 00:01:04]} 1/2-1/2

[Event "European Chess Club Cup 2023"]
[Site "Durres, Albania"]
[Date "2023.10.03"]
[Round "3.50"]
[White "Pechac, Jergus"]
[Black "Laurusas, Tomas"]
[Result "1/2-1/2"]
[TimeControl "90' + 30' & 30\""]
[WhiteElo "2596"]
[BlackElo "2547"]

1. e4 {[%clk 01:30:20]} {[%emt 00:00:39]} e5 {[%clk 01:30:25]} {[%emt
00:00:28]} 2. Ne2 {[%clk 01:28:42]} {[%emt 00:02:15]} Nf6 {[%clk 01:26:34]}
{[%emt 00:04:22]} 3. d4 {[%clk 01:29:02]} {[%emt 00:00:10]} Nxe4 {[%clk
01:26:33]} {[%emt 00:00:31]} 4. f3 {[%clk 01:29:04]} {[%emt 00:00:27]} Nd6
{[%clk 01:26:45]} {[%emt 00:00:18]} 5. dxe5 {[%clk 01:29:13]} {[%emt 00:00:21]}
Nf5 {[%clk 01:27:06]} {[%emt 00:00:10]} 6. Nbc3 {[%clk 01:18:23]} {[%emt
00:11:20]} Nc6 {[%clk 00:55:34]} {[%emt 00:32:02]} 7. Qd3 {[%clk 01:18:41]}
{[%emt 00:00:12]} d6 {[%clk 00:55:17]} {[%emt 00:00:46]} 8. exd6 {[%clk
01:19:04]} {[%emt 00:00:07]} Bxd6 {[%clk 00:52:39]} {[%emt 00:03:09]} 9. Bf4
{[%clk 01:19:26]} {[%emt 00:00:08]} O-O {[%clk 00:45:01]} {[%emt 00:08:08]} 10.
O-O-O {[%clk 01:19:40]} {[%emt 00:00:16]} Bxf4+ {[%clk 00:38:54]} {[%emt
00:06:37]} 11. Nxf4 {[%clk 01:20:04]} {[%emt 00:00:06]} Nfd4 {[%clk 00:38:59]}
{[%emt 00:00:25]} 12. Ne4 {[%clk 01:15:52]} {[%emt 00:04:41]} Bf5 {[%clk
00:35:07]} {[%emt 00:04:23]} 13. c3 {[%clk 01:04:37]} {[%emt 00:11:43]} Bxe4
{[%clk 00:29:02]} {[%emt 00:06:37]} 14. fxe4 {[%clk 01:05:00]} {[%emt
00:00:06]} Ne6 {[%clk 00:25:12]} {[%emt 00:04:21]} 15. Nxe6 {[%clk 01:05:05]}
{[%emt 00:00:24]} fxe6 {[%clk 00:20:22]} {[%emt 00:05:21]} 16. Qg3 {[%clk
01:04:46]} {[%emt 00:00:49]} Qe7 {[%clk 00:19:37]} {[%emt 00:01:15]} 17. Bb5
{[%clk 01:04:28]} {[%emt 00:00:47]} Rad8 {[%clk 00:19:02]} {[%emt 00:01:06]} 18.
Bxc6 {[%clk 01:04:33]} {[%emt 00:00:26]} bxc6 {[%clk 00:19:26]} {[%emt
00:00:05]} 19. Rxd8 {[%clk 01:00:51]} {[%emt 00:04:11]} Rxd8 {[%clk 00:19:38]}
{[%emt 00:00:18]} 20. Rd1 {[%clk 01:01:08]} {[%emt 00:00:13]} Rd6 {[%clk
00:19:56]} {[%emt 00:00:12]} 21. Kc2 {[%clk 01:00:39]} {[%emt 00:01:00]} Qd7
{[%clk 00:19:45]} {[%emt 00:00:41]} 22. Qf3 {[%clk 01:00:32]} {[%emt 00:00:37]}
c5 {[%clk 00:17:36]} {[%emt 00:02:39]} 23. b3 {[%clk 01:00:13]} {[%emt
00:00:49]} c4 {[%clk 00:15:23]} {[%emt 00:02:42]} 24. h3 {[%clk 00:59:48]}
{[%emt 00:00:56]} h6 {[%clk 00:15:31]} {[%emt 00:00:23]} 25. Rxd6 {[%clk
01:00:13]} {[%emt 00:00:04]} cxb3+ {[%clk 00:15:40]} {[%emt 00:00:21]} 26. axb3
{[%clk 01:00:37]} {[%emt 00:00:05]} cxd6 {[%clk 00:16:00]} {[%emt 00:00:10]} 27.
Kb2 {[%clk 01:01:00]} {[%emt 00:00:07]} Qc6 {[%clk 00:16:19]} {[%emt 00:00:12]}
28. Kc2 {[%clk 01:01:26]} {[%emt 00:00:04]} Qd7 {[%clk 00:16:42]} {[%emt
00:00:07]} 29. Kb2 {[%clk 01:01:53]} {[%emt 00:00:03]} Qc6 {[%clk 00:17:07]}
{[%emt 00:00:05]} 30. Kc2 {[%clk 01:02:20]} {[%emt 00:00:03]} Qd7 {[%clk
00:17:33]} {[%emt 00:00:04]} 1/2-1/2

[Event "European Chess Club Cup 2023"]
[Site "Durres, Albania"]
[Date "2023.10.03"]
[Round "3.51"]
[White "Kraus, Tomas"]
[Black "Balogh, Csaba"]
[Result "1/2-1/2"]
[TimeControl "90' + 30' & 30\""]
[WhiteElo "2491"]
[BlackElo "2558"]

1. e4 {[%clk 01:30:57]} {[%emt 00:00:02]} c5 {[%clk 01:30:45]} {[%emt
00:00:15]} 2. Nf3 {[%clk 01:30:41]} {[%emt 00:00:46]} e6 {[%clk 01:31:04]}
{[%emt 00:00:11]} 3. g3 {[%clk 01:29:00]} {[%emt 00:02:11]} Nc6 {[%clk
01:29:21]} {[%emt 00:02:14]} 4. Bg2 {[%clk 01:28:49]} {[%emt 00:00:41]} Nf6
{[%clk 01:29:38]} {[%emt 00:00:13]} 5. Qe2 {[%clk 01:25:09]} {[%emt 00:04:10]}
e5 {[%clk 01:26:53]} {[%emt 00:03:15]} 6. O-O {[%clk 01:22:58]} {[%emt
00:02:41]} Be7 {[%clk 01:27:06]} {[%emt 00:00:16]} 7. Na3 {[%clk 01:19:50]}
{[%emt 00:03:38]} O-O {[%clk 01:26:41]} {[%emt 00:00:55]} 8. d3 {[%clk
01:18:11]} {[%emt 00:02:09]} h6 {[%clk 01:14:09]} {[%emt 00:13:02]} 9. Nc4
{[%clk 01:14:40]} {[%emt 00:04:01]} d6 {[%clk 01:14:06]} {[%emt 00:00:34]} 10.
Ne3 {[%clk 01:02:15]} {[%emt 00:12:54]} Re8 {[%clk 01:10:34]} {[%emt 00:04:03]}
11. c3 {[%clk 00:58:47]} {[%emt 00:03:57]} Bf8 {[%clk 01:10:51]} {[%emt
00:00:14]} 12. Nh4 {[%clk 00:56:08]} {[%emt 00:03:09]} Be6 {[%clk 01:02:02]}
{[%emt 00:09:18]} 13. f4 {[%clk 00:53:09]} {[%emt 00:03:29]} exf4 {[%clk
00:59:53]} {[%emt 00:02:40]} 14. gxf4 {[%clk 00:50:53]} {[%emt 00:02:46]} c4
{[%clk 00:38:25]} {[%emt 00:21:58]} 15. dxc4 {[%clk 00:35:38]} {[%emt
00:15:45]} Nxe4 {[%clk 00:38:38]} {[%emt 00:00:17]} 16. Bxe4 {[%clk 00:35:19]}
{[%emt 00:00:48]} Qxh4 {[%clk 00:38:18]} {[%emt 00:00:50]} 17. Qf3 {[%clk
00:33:57]} {[%emt 00:01:53]} Bh3 {[%clk 00:31:51]} {[%emt 00:06:57]} 18. Rf2
{[%clk 00:30:00]} {[%emt 00:04:27]} Re6 {[%clk 00:30:23]} {[%emt 00:01:57]} 19.
Bd5 {[%clk 00:23:11]} {[%emt 00:07:20]} Rg6+ {[%clk 00:25:52]} {[%emt
00:05:01]} 20. Kh1 {[%clk 00:23:20]} {[%emt 00:00:21]} Re8 {[%clk 00:26:11]}
{[%emt 00:00:11]} 21. Bd2 {[%clk 00:22:59]} {[%emt 00:00:51]} Ne7 {[%clk
00:22:04]} {[%emt 00:04:36]} 22. Bxb7 {[%clk 00:12:59]} {[%emt 00:10:31]} Nf5
{[%clk 00:22:23]} {[%emt 00:00:10]} 23. Nxf5 {[%clk 00:11:28]} {[%emt
00:02:01]} Bxf5 {[%clk 00:22:47]} {[%emt 00:00:07]} 24. Bd5 {[%clk 00:08:16]}
{[%emt 00:03:42]} Bg4 {[%clk 00:17:19]} {[%emt 00:05:58]} 25. Qg3 {[%clk
00:07:35]} {[%emt 00:01:11]} Qh5 {[%clk 00:17:43]} {[%emt 00:00:05]} 26. Rg1
{[%clk 00:06:59]} {[%emt 00:01:07]} Be6 {[%clk 00:14:17]} {[%emt 00:03:55]} 27.
Qd3 {[%clk 00:06:04]} {[%emt 00:01:25]} Bf5 {[%clk 00:11:51]} {[%emt 00:02:55]}
28. Qf3 {[%clk 00:05:35]} {[%emt 00:00:59]} Bg4 {[%clk 00:12:08]} {[%emt
00:00:13]} 29. Qd3 {[%clk 00:04:19]} {[%emt 00:01:46]} Bf5 {[%clk 00:12:24]}
{[%emt 00:00:15]} 30. Qf3 {[%clk 00:03:38]} {[%emt 00:01:12]} Bg4 {[%clk
00:12:43]} {[%emt 00:00:10]} 31. Qd3 {[%clk 00:03:01]} {[%emt 00:01:06]}
1/2-1/2

[Event "European Chess Club Cup 2023"]
[Site "Durres, Albania"]
[Date "2023.10.03"]
[Round "3.52"]
[White "Ivic, Velimir"]
[Black "Stevik, Patrik"]
[Result "1-0"]
[TimeControl "90' + 30' & 30\""]
[WhiteElo "2562"]
[BlackElo "2169"]

1. e4 {[%clk 01:30:52]} {[%emt 00:00:07]} g6 {[%clk 01:30:48]} {[%emt
00:00:12]} 2. d4 {[%clk 01:31:14]} {[%emt 00:00:08]} Bg7 {[%clk 01:31:15]}
{[%emt 00:00:03]} 3. Nc3 {[%clk 01:31:35]} {[%emt 00:00:09]} d6 {[%clk
01:31:41]} {[%emt 00:00:04]} 4. Be3 {[%clk 01:31:48]} {[%emt 00:00:17]} a6
{[%clk 01:32:05]} {[%emt 00:00:07]} 5. Nf3 {[%clk 01:29:07]} {[%emt 00:03:10]}
b5 {[%clk 01:31:44]} {[%emt 00:00:50]} 6. h4 {[%clk 01:27:03]} {[%emt
00:02:34]} Bb7 {[%clk 01:28:44]} {[%emt 00:03:30]} 7. h5 {[%clk 01:17:13]}
{[%emt 00:10:21]} b4 {[%clk 01:23:46]} {[%emt 00:05:28]} 8. Nd5 {[%clk
01:17:21]} {[%emt 00:00:22]} e6 {[%clk 01:19:24]} {[%emt 00:04:52]} 9. Nxb4
{[%clk 01:15:44]} {[%emt 00:02:07]} Bxe4 {[%clk 01:17:06]} {[%emt 00:02:48]} 10.
h6 {[%clk 01:12:04]} {[%emt 00:04:10]} Bf6 {[%clk 01:16:13]} {[%emt 00:01:23]}
11. Qe2 {[%clk 01:05:05]} {[%emt 00:07:29]} Bb7 {[%clk 01:09:47]} {[%emt
00:06:55]} 12. O-O-O {[%clk 01:02:37]} {[%emt 00:02:58]} Ne7 {[%clk 01:09:16]}
{[%emt 00:01:01]} 13. Kb1 {[%clk 00:56:06]} {[%emt 00:07:01]} Nd7 {[%clk
01:07:03]} {[%emt 00:02:43]} 14. g4 {[%clk 00:52:00]} {[%emt 00:04:36]} O-O
{[%clk 01:02:49]} {[%emt 00:04:44]} 15. Nd3 {[%clk 00:51:06]} {[%emt 00:01:24]}
Rb8 {[%clk 01:00:52]} {[%emt 00:02:26]} 16. Rh3 {[%clk 00:48:02]} {[%emt
00:03:34]} Nd5 {[%clk 00:56:14]} {[%emt 00:05:08]} 17. Bd2 {[%clk 00:41:16]}
{[%emt 00:07:17]} N7b6 {[%clk 00:42:32]} {[%emt 00:14:12]} 18. Nc1 {[%clk
00:39:28]} {[%emt 00:02:18]} Na4 {[%clk 00:40:49]} {[%emt 00:02:13]} 19. Nb3
{[%clk 00:38:50]} {[%emt 00:01:08]} c5 {[%clk 00:36:14]} {[%emt 00:05:04]} 20.
c4 {[%clk 00:33:28]} {[%emt 00:05:53]} cxd4 {[%clk 00:32:20]} {[%emt 00:04:25]}
21. Nfxd4 {[%clk 00:20:38]} {[%emt 00:13:19]} e5 {[%clk 00:28:35]} {[%emt
00:04:15]} 22. cxd5 {[%clk 00:15:20]} {[%emt 00:05:48]} exd4 {[%clk 00:28:48]}
{[%emt 00:00:17]} 23. Qf3 {[%clk 00:15:18]} {[%emt 00:00:32]} Re8 {[%clk
00:24:26]} {[%emt 00:04:51]} 24. Bc4 {[%clk 00:13:09]} {[%emt 00:02:40]} Qe7
{[%clk 00:18:12]} {[%emt 00:06:44]} 25. Rhh1 {[%clk 00:12:39]} {[%emt
00:01:00]} Nb6 {[%clk 00:17:17]} {[%emt 00:01:25]} 26. Rhe1 {[%clk 00:12:20]}
{[%emt 00:00:49]} Be5 {[%clk 00:17:31]} {[%emt 00:00:16]} 27. Na5 {[%clk
00:11:48]} {[%emt 00:01:00]} Qf6 {[%clk 00:13:23]} {[%emt 00:04:40]} 28. Qe4
{[%clk 00:08:56]} {[%emt 00:03:22]} Na4 {[%clk 00:11:38]} {[%emt 00:02:15]} 29.
f4 {[%clk 00:04:42]} {[%emt 00:04:44]} Nxb2 {[%clk 00:09:53]} {[%emt 00:02:15]}
30. Bb3 {[%clk 00:04:25]} {[%emt 00:00:47]} Nxd1 {[%clk 00:10:03]} {[%emt
00:00:20]} 31. Rxd1 {[%clk 00:04:29]} {[%emt 00:00:27]} Qd8 {[%clk 00:03:26]}
{[%emt 00:07:06]} 32. fxe5 {[%clk 00:02:33]} {[%emt 00:02:26]} Rxe5 {[%clk
00:03:47]} {[%emt 00:00:09]} 33. Qxd4 {[%clk 00:02:13]} {[%emt 00:00:50]} Bxd5
{[%clk 00:04:16]} 34. Nc4 {[%clk 00:02:24]} {[%emt 00:00:21]} f6 {[%clk
00:00:32]} {[%emt 00:04:14]} 35. Bf4 {[%clk 00:01:50]} {[%emt 00:01:03]} Bf7
{[%clk 00:00:35]} {[%emt 00:00:27]} 36. Bxe5 {[%clk 00:01:30]} {[%emt
00:00:51]} fxe5 {[%clk 00:00:56]} {[%emt 00:00:08]} 37. Qxd6 {[%clk 00:01:01]}
{[%emt 00:01:00]} Qxd6 {[%clk 00:01:07]} {[%emt 00:00:19]} 38. Nxd6 {[%clk
00:01:29]} {[%emt 00:00:02]} Bxb3 {[%clk 00:01:27]} {[%emt 00:00:09]} 39. axb3
{[%clk 00:01:56]} {[%emt 00:00:03]} Rxb3+ {[%clk 00:01:51]} {[%emt 00:00:07]}
40. Kc2 {[%clk 00:02:22]} {[%emt 00:00:03]} Rh3 {[%clk 00:00:44]} {[%emt
00:01:37]} 41. g5 {[%clk 00:02:32]} {[%emt 00:00:21]} Rh5 {[%clk 00:30:04]}
{[%emt 00:01:09]} 42. Ne4 {[%clk 00:32:31]} {[%emt 00:00:30]} Kf7 {[%clk
00:30:25]} {[%emt 00:00:10]} 43. Rd7+ {[%clk 00:32:28]} {[%emt 00:00:33]} Ke6
{[%clk 00:30:52]} {[%emt 00:00:03]} 44. Rd6+ {[%clk 00:31:58]} {[%emt
00:01:00]} Kf5 {[%clk 00:30:05]} {[%emt 00:01:17]} 45. Ng3+ {[%clk 00:32:24]}
{[%emt 00:00:05]} Kxg5 {[%clk 00:30:30]} {[%emt 00:00:04]} 46. Nxh5 {[%clk
00:32:51]} {[%emt 00:00:04]} Kxh5 {[%clk 00:30:54]} {[%emt 00:00:06]} 47. Kd3
{[%clk 00:33:12]} {[%emt 00:00:09]} Kxh6 {[%clk 00:31:19]} {[%emt 00:00:05]} 48.
Rxa6 {[%clk 00:32:47]} {[%emt 00:00:54]} Kg5 {[%clk 00:31:41]} {[%emt
00:00:07]} 49. Ke4 {[%clk 00:33:07]} {[%emt 00:00:10]} h5 {[%clk 00:32:00]}
{[%emt 00:00:12]} 50. Kxe5 {[%clk 00:33:02]} {[%emt 00:00:35]} h4 {[%clk
00:32:23]} {[%emt 00:00:07]} 51. Ke4 {[%clk 00:33:26]} {[%emt 00:00:06]} Kg4
{[%clk 00:32:44]} {[%emt 00:00:10]} 52. Rxg6 {[%clk 00:33:51]} {[%emt
00:00:04]} 1-0

[Event "European Chess Club Cup 2023"]
[Site "Durres, Albania"]
[Date "2023.10.03"]
[Round "3.53"]
[White "Danada, Tomas"]
[Black "Balog, Imre"]
[Result "0-1"]
[TimeControl "90' + 30' & 30\""]
[WhiteElo "2233"]
[BlackElo "2622"]

1. d4 {[%clk 01:30:55]} {[%emt 00:00:04]} Nf6 {[%clk 01:30:27]} {[%emt
00:00:33]} 2. c4 {[%clk 01:31:15]} {[%emt 00:00:11]} g6 {[%clk 01:30:33]}
{[%emt 00:00:22]} 3. Nc3 {[%clk 01:31:41]} {[%emt 00:00:06]} d5 {[%clk
01:29:04]} {[%emt 00:01:58]} 4. cxd5 {[%clk 01:32:05]} {[%emt 00:00:07]} Nxd5
{[%clk 01:29:28]} {[%emt 00:00:05]} 5. e4 {[%clk 01:32:31]} {[%emt 00:00:04]}
Nxc3 {[%clk 01:29:50]} {[%emt 00:00:07]} 6. bxc3 {[%clk 01:32:59]} {[%emt
00:00:03]} Bg7 {[%clk 01:30:04]} {[%emt 00:00:15]} 7. Nf3 {[%clk 01:33:24]}
{[%emt 00:00:06]} c5 {[%clk 01:29:01]} {[%emt 00:01:32]} 8. Rb1 {[%clk
01:33:39]} {[%emt 00:00:17]} O-O {[%clk 01:26:47]} {[%emt 00:02:42]} 9. Be2
{[%clk 01:34:06]} {[%emt 00:00:04]} Nc6 {[%clk 01:23:13]} {[%emt 00:04:03]} 10.
d5 {[%clk 01:34:31]} {[%emt 00:00:07]} Na5 {[%clk 01:23:37]} {[%emt 00:00:05]}
11. c4 {[%clk 01:30:22]} {[%emt 00:04:39]} b6 {[%clk 01:18:20]} {[%emt
00:05:46]} 12. h4 {[%clk 01:29:59]} {[%emt 00:00:54]} e6 {[%clk 01:18:31]}
{[%emt 00:00:19]} 13. Bg5 {[%clk 01:15:32]} {[%emt 00:14:57]} Qd6 {[%clk
01:13:02]} {[%emt 00:05:59]} 14. Qd2 {[%clk 01:13:45]} {[%emt 00:02:17]} exd5
{[%clk 01:11:50]} {[%emt 00:01:43]} 15. cxd5 {[%clk 01:11:51]} {[%emt
00:02:24]} Re8 {[%clk 01:05:40]} {[%emt 00:06:39]} 16. Bf4 {[%clk 01:10:57]}
{[%emt 00:01:24]} Qf8 {[%clk 01:00:37]} {[%emt 00:05:32]} 17. e5 {[%clk
01:00:31]} {[%emt 00:10:58]} Bg4 {[%clk 00:59:56]} {[%emt 00:01:09]} 18. Qc3
{[%clk 00:42:47]} {[%emt 00:18:15]} Bxf3 {[%clk 00:59:29]} {[%emt 00:00:58]} 19.
Bxf3 {[%clk 00:41:23]} {[%emt 00:01:54]} Qd6 {[%clk 00:58:23]} {[%emt
00:01:35]} 20. O-O {[%clk 00:40:17]} {[%emt 00:01:36]} Bxe5 {[%clk 00:54:37]}
{[%emt 00:04:16]} 21. Bxe5 {[%clk 00:40:39]} {[%emt 00:00:09]} Qxe5 {[%clk
00:54:20]} {[%emt 00:00:46]} 22. Qxe5 {[%clk 00:40:42]} {[%emt 00:00:27]} Rxe5
{[%clk 00:54:41]} {[%emt 00:00:09]} 23. Rfe1 {[%clk 00:40:38]} {[%emt
00:00:34]} Nc4 {[%clk 00:54:46]} {[%emt 00:00:25]} 24. Rxe5 {[%clk 00:39:46]}
{[%emt 00:01:23]} Nxe5 {[%clk 00:55:10]} {[%emt 00:00:06]} 25. Re1 {[%clk
00:40:08]} {[%emt 00:00:07]} Nxf3+ {[%clk 00:54:21]} {[%emt 00:01:19]} 26. gxf3
{[%clk 00:40:36]} {[%emt 00:00:02]} Kf8 {[%clk 00:54:44]} {[%emt 00:00:08]} 27.
d6 {[%clk 00:40:30]} {[%emt 00:00:36]} Rd8 {[%clk 00:55:09]} {[%emt 00:00:04]}
28. Re7 {[%clk 00:40:50]} {[%emt 00:00:10]} a5 {[%clk 00:55:29]} {[%emt
00:00:10]} 0-1

[Event "European Chess Club Cup 2023"]
[Site "Durres, Albania"]
[Date "2023.10.03"]
[Round "3.54"]
[White "Korpa, Bence"]
[Black "Federic, Jozef"]
[Result "1-0"]
[TimeControl "90' + 30' & 30\""]
[WhiteElo "2522"]
[BlackElo "2193"]

1. e4 {[%clk 01:30:57]} {[%emt 00:00:02]} c5 {[%clk 01:30:54]} {[%emt
00:00:07]} 2. Nf3 {[%clk 01:31:15]} {[%emt 00:00:11]} e6 {[%clk 01:31:10]}
{[%emt 00:00:14]} 3. d3 {[%clk 01:31:36]} {[%emt 00:00:09]} Nc6 {[%clk
01:29:50]} {[%emt 00:01:50]} 4. g3 {[%clk 01:31:48]} {[%emt 00:00:18]} Nf6
{[%clk 01:27:26]} {[%emt 00:02:55]} 5. Bg2 {[%clk 01:32:08]} {[%emt 00:00:09]}
Be7 {[%clk 01:22:13]} {[%emt 00:05:44]} 6. O-O {[%clk 01:32:26]} {[%emt
00:00:11]} d6 {[%clk 01:22:12]} {[%emt 00:00:31]} 7. c3 {[%clk 01:32:43]}
{[%emt 00:00:13]} O-O {[%clk 01:22:16]} {[%emt 00:00:27]} 8. Re1 {[%clk
01:32:17]} {[%emt 00:00:55]} e5 {[%clk 01:21:02]} {[%emt 00:01:45]} 9. h3
{[%clk 01:32:04]} {[%emt 00:00:43]} Rb8 {[%clk 01:11:23]} {[%emt 00:10:08]} 10.
d4 {[%clk 01:31:21]} {[%emt 00:01:13]} b5 {[%clk 01:11:16]} {[%emt 00:00:38]}
11. d5 {[%clk 01:30:32]} {[%emt 00:01:17]} Na5 {[%clk 01:11:39]} {[%emt
00:00:08]} 12. Nbd2 {[%clk 01:29:52]} {[%emt 00:01:10]} Qc7 {[%clk 01:07:11]}
{[%emt 00:04:59]} 13. b3 {[%clk 01:28:57]} {[%emt 00:01:24]} Ne8 {[%clk
01:01:34]} {[%emt 00:06:08]} 14. Nh2 {[%clk 01:23:40]} {[%emt 00:05:47]} f5
{[%clk 00:59:39]} {[%emt 00:02:25]} 15. exf5 {[%clk 01:21:44]} {[%emt
00:02:25]} Bxf5 {[%clk 01:00:06]} {[%emt 00:00:04]} 16. Ne4 {[%clk 01:21:12]}
{[%emt 00:01:01]} Nb7 {[%clk 00:59:37]} {[%emt 00:00:59]} 17. f4 {[%clk
01:20:18]} {[%emt 00:01:24]} Bf6 {[%clk 00:29:17]} {[%emt 00:30:51]} 18. Nxf6+
{[%clk 01:13:39]} {[%emt 00:07:08]} Nxf6 {[%clk 00:29:30]} {[%emt 00:00:18]} 19.
g4 {[%clk 01:12:47]} {[%emt 00:01:21]} Bg6 {[%clk 00:26:40]} {[%emt 00:03:22]}
20. f5 {[%clk 01:12:51]} {[%emt 00:00:25]} Be8 {[%clk 00:24:37]} {[%emt
00:02:33]} 21. Nf1 {[%clk 01:11:39]} {[%emt 00:01:41]} Bd7 {[%clk 00:21:53]}
{[%emt 00:03:15]} 22. Ng3 {[%clk 01:11:47]} {[%emt 00:00:22]} Ne8 {[%clk
00:18:49]} {[%emt 00:03:34]} 23. Be4 {[%clk 01:11:13]} {[%emt 00:01:03]} Qd8
{[%clk 00:15:34]} {[%emt 00:03:46]} 24. g5 {[%clk 01:10:23]} {[%emt 00:01:20]}
Qa5 {[%clk 00:13:14]} {[%emt 00:02:50]} 25. Bd2 {[%clk 01:10:21]} {[%emt
00:00:32]} Nd8 {[%clk 00:12:15]} {[%emt 00:01:29]} 26. Qh5 {[%clk 01:10:07]}
{[%emt 00:00:43]} Rb7 {[%clk 00:10:20]} {[%emt 00:02:26]} 27. f6 {[%clk
01:09:57]} {[%emt 00:00:40]} g6 {[%clk 00:06:04]} {[%emt 00:04:46]} 28. Bxg6
{[%clk 01:09:59]} {[%emt 00:00:27]} hxg6 {[%clk 00:06:30]} {[%emt 00:00:05]} 29.
Qxg6+ {[%clk 01:10:22]} {[%emt 00:00:07]} Kh8 {[%clk 00:06:58]} {[%emt
00:00:02]} 30. Re4 {[%clk 01:09:33]} {[%emt 00:01:18]} Bg4 {[%clk 00:07:22]}
{[%emt 00:00:07]} 31. Rxg4 {[%clk 01:09:48]} {[%emt 00:00:15]} Rh7 {[%clk
00:07:49]} {[%emt 00:00:04]} 32. Nf5 {[%clk 01:02:59]} {[%emt 00:07:19]} Qc7
{[%clk 00:07:37]} {[%emt 00:00:42]} 33. Ne7 {[%clk 01:02:44]} {[%emt 00:00:45]}
1-0